Nên trả lại bài Tiều phu khổ khiếu ca cho tác giả đích thực của nó: Nguyễn Du /

সংরক্ষণ করুন:
গ্রন্থ-পঞ্জীর বিবরন
প্রধান লেখক: Trần Ngọc Anh
বিন্যাস: প্রবন্ধ
ভাষা:Vietnamese
বিষয়গুলি:
ট্যাগগুলো: ট্যাগ যুক্ত করুন
কোনো ট্যাগ নেই, প্রথমজন হিসাবে ট্যাগ করুন!
Thư viện lưu trữ: Thư viện Trường Đại học Đà Lạt
LEADER 00789nam a2200253 4500
001 DLU040000075
040 # # |a DLU  |b vie 
041 # # |a vie 
044 # # |a vn 
100 # # |a Trần Ngọc Anh 
245 # # |a Nên trả lại bài Tiều phu khổ khiếu ca cho tác giả đích thực của nó: Nguyễn Du /  |c Trần Ngọc Anh 
600 # # |a Nguyễn Du.  |t Tiều phu khổ khiếu ca 
653 # # |a Nghiên cứu văn học 
773 # # |a Tạp chí Văn học  |g Số 2 - 2003, tr. 76 - 78 
920 # # |a Phòng Tạp chí -- Trung tâm Thông tin - Thư viện Trường Đại học Đà Lạt 
933 # # |a NV 
994 # # |a DLU 
900 # # |a True 
911 # # |a Nguyễn Năng Hải 
925 # # |a G 
926 # # |a A 
927 # # |a BB 
980 # # |a Thư viện Trường Đại học Đà Lạt